Company Law / (Record no. 204345)

MARC details
000 -LEADER
fixed length control field 00825nam a22002897a 4500
003 - CONTROL NUMBER IDENTIFIER
control field dpl
005 - DATE AND TIME OF LATEST TRANSACTION
control field 20240724115242.0
008 - FIXED-LENGTH DATA ELEMENTS--GENERAL INFORMATION
fixed length control field 240305b |||||||| |||| 00| 0 eng d
010 ## - LIBRARY OF CONGRESS CONTROL NUMBER
LC control number ENG-140953
020 ## - INTERNATIONAL STANDARD BOOK NUMBER
Terms of availability 875.00
035 ## - SYSTEM CONTROL NUMBER
System control number EN-124485
035 ## - SYSTEM CONTROL NUMBER
System control number EN-124485
035 ## - SYSTEM CONTROL NUMBER
System control number EN-124485
037 ## - SOURCE OF ACQUISITION
Source of stock number/acquisition DBAD
040 ## - CATALOGING SOURCE
Transcribing agency .
082 ## - DEWEY DECIMAL CLASSIFICATION NUMBER
Classification number 658.102654
100 ## - MAIN ENTRY--PERSONAL NAME
Personal name CS Zad . N.S AND CS Bajpai Divya
9 (RLIN) 62808
245 ## - TITLE STATEMENT
Title Company Law /
260 ## - PUBLICATION, DISTRIBUTION, ETC. (IMPRINT)
Place of publication, distribution, etc New Delhi
Name of publisher, distributor, etc Taxmann Publication
Date of publication, distribution, etc 2022
270 ## - ADDRESS
Address 21/35 West Punjabi Bhag
City New Delhi
Postal code 110026
300 ## - PHYSICAL DESCRIPTION
Extent P.26Pages
Dimensions 27cm,(hb)
700 ## - ADDED ENTRY--PERSONAL NAME
Personal name Devanshu Gupta
9 (RLIN) 62809
Relator term Author
700 ## - ADDED ENTRY--PERSONAL NAME
Personal name C.Raghunathan
9 (RLIN) 62810
Relator term Author
700 ## - ADDED ENTRY--PERSONAL NAME
Personal name Sanjeev Kumar
9 (RLIN) 62811
Relator term Author
700 ## - ADDED ENTRY--PERSONAL NAME
Personal name Jagdish Saini
9 (RLIN) 62818
942 ## - ADDED ENTRY ELEMENTS (KOHA)
Source of classification or shelving scheme Dewey Decimal Classification
Koha item type English Books
Classification part 577.68095492
Call number suffix CHA

No items available.


© Delhi Public Library
Hit Counter
free hit counter